[Event "EU School-ch U15 Girls"]
[Site "Budva"]
[Date "2017.06.16"]
[Round "6"]
[White "Baspinar, Lara"]
[Black "Kamaeva, Dzhamilya"]
[Result "1-0"]
[WhiteElo "1634"]
[BlackElo "1584"]
[PlyCount "47"]
[EventDate "2017.06.11"]
[EventType "swiss"]
[EventRounds "9"]
[EventCountry "MNE"]
[SourceTitle "EXT 2024"]
[Source "ChessBase"]
[SourceDate "2023.10.10"]
[SourceVersion "1"]
[SourceVersionDate "2023.10.10"]
[SourceQuality "1"]

1. c4 c5 2. Nc3 Nc6 3. g3 g6 4. Bg2 Bg7 5. e3 e6 6. Nge2 Nge7 7. 0-0 d5 8. cxd5 exd5 9. d4 cxd4 10. exd4 0-0 11. a3 Be6 12. b4 Nf5 13. Be3 Rc8 14. Qd2 Re8 15. Rac1 Qd7 16. Rfd1 Nxe3 17. fxe3 f5 18. Nf4 Ne7 19. Re1 g5 20. Nxe6 Qxe6 21. Qa2 Rc4 22. Bxd5 Nxd5 23. Qxc4 Nxc3 24. Qxe6+ 1-0

[Event "EU School-ch U15 Girls"]
[Site "Budva"]
[Date "2017.06.13"]
[Round "3"]
[White "Fairuzova, Zulfiiya"]
[Black "Kamaeva, Dzhamilya"]
[Result "1-0"]
[WhiteElo "1607"]
[BlackElo "1584"]
[PlyCount "87"]
[EventDate "2017.06.11"]
[EventType "swiss"]
[EventRounds "9"]
[EventCountry "MNE"]
[SourceTitle "EXT 2024"]
[Source "ChessBase"]
[SourceDate "2023.10.10"]
[SourceVersion "1"]
[SourceVersionDate "2023.10.10"]
[SourceQuality "1"]

1. d4 d5 2. c4 e6 3. Nc3 Be7 4. Nf3 Nf6 5. Bf4 a6 6. e3 0-0 7. Bd3 b6 8. 0-0 Bb7 9. Rc1 c5 10. cxd5 exd5 11. dxc5 bxc5 12. b3 Nc6 13. Na4 Qa5 14. Qe1 Qxe1 15. Rfxe1 Nb4 16. Bb1 Nd7 17. Ne5 Nxe5 18. Bxe5 Rac8 19. Bg3 a5 20. Bf5 Rc6 21. a3 Na6 22. Rc2 Rd8 23. Kf1 g6 24. Bd3 Rdc8 25. Bb5 Rf6 26. Be5 Rf5 27. f4 Rh5 28. g4 Rh4 29. g5 c4 30. bxc4 Bxa3 31. Nb6 Rd8 32. Nxd5 Bxd5 33. cxd5 Nb4 34. Rd2 Nxd5 35. Bd3 Be7 36. Kg2 h6 37. gxh6 Kh7 38. Bc4 Nf6 39. Rxd8 Bxd8 40. Bxf7 Kxh6 41. h3 Nd7 42. Bd4 Nb8 43. Rc1 Na6 44. Rc8 1-0